|
|
|
|
| LEADER |
00000cam a2200000 a 4500 |
| 001 |
vtls011588226 |
| 003 |
SK-MaSNL |
| 005 |
20260301181100.0 |
| 008 |
240318s2016 xo ga b 000 m slo |
| 015 |
|
|
|a SNBA2017/02
|
| 020 |
|
|
|a 9788055151427
|q (viaz.)
|
| 035 |
|
|
|a urn:nbn:sk:snk-am00cx3e
|
| 035 |
|
|
|a urn:nbn:sk:snk-am3hmmd
|
| 035 |
|
|
|a 934BB84A-AA22-4794-AFB9-18D928AAA715
|
| 040 |
|
|
|a SNK
|b slo
|c SNK
|e AACR2
|
| 041 |
0 |
|
|a slo
|
| 044 |
|
|
|a xo
|c SK
|
| 072 |
|
7 |
|a 821.162.4-3
|x Slovenská próza
|2 konspekt
|
| 072 |
|
7 |
|a 821-93
|x Literatúra pre deti a mládež (beletria)
|2 konspekt
|
| 080 |
|
|
|a 821.162.4-32
|2 2011
|
| 080 |
|
|
|a 398.332.416
|2 2011
|
| 080 |
|
|
|a 82-93-053.2
|2 2011
|
| 080 |
|
|
|a 783.28
|2 2011
|
| 100 |
1 |
|
|a Preclíková Würfl, Stanislava
|4 aut
|9 353349
|
| 245 |
1 |
0 |
|a Moja vianočná knižka
|c Stanka Preclíková Würfl ; ilustrovala Daniela Ondreičková
|
| 250 |
|
|
|a 1. vyd.
|
| 260 |
|
|
|a Bratislava
|b Ikar - Stonožka
|c 2016
|
| 300 |
|
|
|a 63 s.
|b fareb. ilustr., noty
|c 30 cm
|
| 500 |
|
|
|a Celkovo 3. vyd.
|
| 650 |
0 |
7 |
|a Vianoce
|2 SNKPH
|9 3412
|
| 650 |
0 |
7 |
|a Christmas
|2 SNKPHeng
|9 304887
|
| 650 |
0 |
7 |
|a vianočné piesne
|2 SNKPH
|9 67789
|
| 650 |
0 |
7 |
|a Christmas songs
|2 SNKPHeng
|9 319941
|
| 655 |
|
7 |
|a slovenské príbehy
|2 SNKPH
|9 70494
|
| 655 |
|
7 |
|a Slovak stories
|2 SNKPHeng
|9 277112
|
| 655 |
|
7 |
|a publikácie pre deti
|2 SNKPH
|9 70148
|
| 655 |
|
7 |
|a Children's literature
|2 SNKPHeng
|9 276039
|
| 700 |
1 |
|
|a Ondreičková, Daniela,
|d 1951-
|4 ill
|9 193858
|
| 852 |
|
|
|a Štátna vedecká knižnica v Banskej Bystrici
|
| 919 |
|
|
|a 978-80-551-5142-7
|
| 958 |
|
|
|a LX
|
| 958 |
|
|
|a DB
|
| 999 |
|
|
|c 848674
|d 850604
|
| 952 |
|
|
|a SNK
|b SNK
|y PREZ
|7 0
|p 17A1251974
|o snkSB 91178
|i snk2017/2702
|8 0
|0 0
|1 0
|4 0
|d 2017-01-31
|f 1
|l 0
|r 2025-05-14 00:00:00
|w 2026-02-24
|
| 952 |
|
|
|a SNK
|b SNK
|y VYP
|7 0
|p 17A1251975
|o snkSB 91178 D1
|i snk2017/2703
|8 0
|0 0
|1 0
|4 0
|d 2017-01-31
|l 0
|r 2026-02-24 04:34:15
|w 2026-02-24
|